|
|
|
|
| LEADER |
00000cam a2200000 7i4500 |
| 001 |
0000043690 |
| 005 |
20101204.0 |
| 008 |
101204 eng |
| 020 |
|
|
|a 0862644550
|
| 090 |
0 |
0 |
|a JF DUN
|
| 100 |
1 |
|
|a Dunbar, Joice
|
| 245 |
1 |
4 |
|a The spring rabbit
|c Joice Dunbar
|
| 260 |
|
|
|a London :
|b Andersen Press ,
|c 1994
|
| 300 |
|
|
|a 25p, :
|b col.ill ;
|c 25cm.
|
| 650 |
0 |
0 |
|a Knowledge
|
| 999 |
|
|
|a 0000335560
|b Buku
|c Koleksi Pinjaman Kanak-Kanak
|e Perbadanan Perpustakaan Awam Melaka
|
| 999 |
|
|
|a 0000416286
|b Buku
|c Koleksi Pinjaman Kanak-Kanak
|e Perpustakaan Cawangan Jasin
|
| 999 |
|
|
|a 7446
|b Buku
|c Koleksi Pinjaman Kanak-Kanak
|e Perpustakaan Cawangan Merlimau
|